Mechanics of engineering materials (Record no. 65368)

000 -LEADER
fixed length control field 00429nam a22001697a 4500
003 - CONTROL NUMBER IDENTIFIER
control field NUST - PNEC
005 - DATE AND TIME OF LATEST TRANSACTION
control field 20170116180913.0
008 - FIXED-LENGTH DATA ELEMENTS--GENERAL INFORMATION
fixed length control field 150903b xxu||||| |||| 00| 0 eng d
020 ## - INTERNATIONAL STANDARD BOOK NUMBER
International Standard Book Number 0582056446
040 ## - CATALOGING SOURCE
Transcribing agency LIBRARY
082 ## - DEWEY DECIMAL CLASSIFICATION NUMBER
Classification number 620.11 BEN
100 ## - MAIN ENTRY--PERSONAL NAME
9 (RLIN) 7256
Personal name Benham, P.P.
245 ## - TITLE STATEMENT
Title Mechanics of engineering materials
Statement of responsibility, etc. P.P Benhem
260 ## - PUBLICATION, DISTRIBUTION, ETC.
Date of publication, distribution, etc. 1987
650 ## - SUBJECT ADDED ENTRY--TOPICAL TERM
9 (RLIN) 7260
Topical term or geographic name entry element Mechanical Engineering
General subdivision ME
942 ## - ADDED ENTRY ELEMENTS (KOHA)
Source of classification or shelving scheme
Koha item type Book
Holdings
Withdrawn status Lost status Source of classification or shelving scheme Damaged status Not for loan Permanent Location Current Location Shelving location Date acquired Total Checkouts Full call number Barcode Date last seen Price effective from Koha item type
          Pakistan Navy Engineering College (PNEC) Pakistan Navy Engineering College (PNEC)       620.11 BEN PNECLIB-015103 09/03/2015   Book
          Pakistan Navy Engineering College (PNEC) Pakistan Navy Engineering College (PNEC)   09/04/2015   620.11 BEN PNECLIB-015182 09/04/2015   Book
© 2023 Central Library, National University of Sciences and Technology. All Rights Reserved.